The noble scholar, jurist, historian


 His Excellency Dr. Abdul Wahhab bin Ibrahim Abu Sulaiman, may Allah have mercy on him.


 He was born in Umm Al-Qura in the year 1356 AH.

فوائد مستنبطة من قصة يوسف عليه السلام / (Record no. 8469)

MARC details
000 -LEADER
fixed length control field 01411cam a22003011i 4500
003 - CONTROL NUMBER IDENTIFIER
control field SA-RiAUC
005 - DATE AND TIME OF LATEST TRANSACTION
control field 20250529065110.0
008 - FIXED-LENGTH DATA ELEMENTS--GENERAL INFORMATION
fixed length control field 250526s2005 su g 000 0bara c
040 ## - CATALOGING SOURCE
Original cataloging agency SA-JeALM
Language of cataloging ara
Transcribing agency SA-RiAUC
Description conventions rda
082 04 - DEWEY DECIMAL CLASSIFICATION NUMBER
Classification number 229.5
090 ## - LOCALLY ASSIGNED LC-TYPE CALL NUMBER (OCLC); LOCAL CALL NUMBER (RLIN)
Classification number (OCLC) (R) ; Classification number, CALL (RLIN) (NR) 229.5
Local cutter number (OCLC) ; Book number/undivided call number, CALL (RLIN) س ع د
100 1# - MAIN ENTRY--PERSONAL NAME
Personal name السعدي، عبد الرحمن بن ناصر بن عبد الله،
Dates associated with a name 1307-1376 هجري
Relator term مؤلف.
245 10 - TITLE STATEMENT
Title فوائد مستنبطة من قصة يوسف عليه السلام /
Statement of responsibility, etc. تأليف عبد الرحمن بن ناصر السعدي ؛ حققه محمد بن سليمان بن عبد العزيز آل بسام.
250 ## - EDITION STATEMENT
Edition statement الطبعة الأولى.
264 #1 - PRODUCTION, PUBLICATION, DISTRIBUTION, MANUFACTURE, AND COPYRIGHT NOTICE
Place of production, publication, distribution, manufacture الدمام، السعودية :
Name of producer, publisher, distributor, manufacturer دار ابن الجوزي،
Date of production, publication, distribution, manufacture, or copyright notice 2005
300 ## - PHYSICAL DESCRIPTION
Extent 56 صفحة ؛
Dimensions 24 سم
336 ## - CONTENT TYPE
Content type term نص
Content type code txt
Source rdacontent
Materials specified كتاب
337 ## - MEDIA TYPE
Media type term بدون وسيط
Media type code n
Source rdamedia
338 ## - CARRIER TYPE
Carrier type term مجلد
Carrier type code nc
Source rdacarrier
500 ## - GENERAL NOTE
General note إهداء من ابن المحقق منصور محمد سليمان ال بسام بتاريخ 1429/1/13 هـ
600 07 - SUBJECT ADDED ENTRY--PERSONAL NAME
Personal name يوسف (عليه السلام)
Source of heading or term aucnm
630 27 - SUBJECT ADDED ENTRY--UNIFORM TITLE
Uniform title القرآن
General subdivision قصص
Source of heading or term aucut
650 #7 - SUBJECT ADDED ENTRY--TOPICAL TERM
Topical term or geographic name entry element قصص الأنبياء
Source of heading or term aucsh
700 1# - ADDED ENTRY--PERSONAL NAME
Personal name آل بسام، محمد بن سليمان بن عبد العزيز،
Dates associated with a name ولد 1286 هجري
Relator term محقق.
730 22 - ADDED ENTRY--UNIFORM TITLE
Uniform title القرآن
942 ## - ADDED ENTRY ELEMENTS (KOHA)
Source of classification or shelving scheme Dewey Decimal Classification
Koha item type Books
Suppress in OPAC No
949 ## - LOCAL PROCESSING INFORMATION (OCLC)
a SA-JeALM
d 250526
u mohamedma123
n 1
Holdings
Withdrawn status Lost status Source of classification or shelving scheme Damaged status Not for loan Collection Home library Current library Date acquired Total checkouts Full call number Barcode Date last seen Price effective from Koha item type
    Dewey Decimal Classification     اهداء DR AbdElwahab Library DR AbdElwahab Library 05/29/2025   229.5 س ع د 000014028 05/29/2025 05/29/2025 Books